| 000 | 00486cam a2200193ua 4500 | ||
|---|---|---|---|
| 001 | 10468 | ||
| 008 | 190227n ii |||gr||||Z||||||asm | ||
| 020 | _a9788186384671 | ||
| 040 | _cMAIN | ||
| 041 | _aasm | ||
| 082 | _a301.095416 | ||
| 245 | _aAshanta uttar purbanchal (ek samajtattwik awalokan) | ||
| 250 | _a2nd ed. | ||
| 260 |
_aGuwahati: _bAssam publishing company, _c2010. |
||
| 300 | _a273p. | ||
| 653 | _aNorth East India | ||
| 700 |
_aPramod Sharma, _eEditor. |
||
| 942 | _cBK | ||
| 999 |
_c9454 _d9454 |
||